ՀՀ Գիտությունների ազգային ակադեմիայի հիմնարար գիտական գրադարան  =   Fundamental Scientific Library of NAS RA

Ազգայնութիւն եւ նորա պրինցիպներ : (Record no. 189522)

MARC details
000 -LEADER
fixed length control field 00818nam a2200193 u 4500
001 - CONTROL NUMBER
control field 000510159
003 - CONTROL NUMBER IDENTIFIER
control field AM-YeHGA
005 - DATE AND TIME OF LATEST TRANSACTION
control field 20250618072719.0
008 - FIXED-LENGTH DATA ELEMENTS--GENERAL INFORMATION
fixed length control field 061122|1883 gs r 000 0 arm d
040 ## - CATALOGING SOURCE
Original cataloging agency AM-YeHGA
041 0# - LANGUAGE CODE
Language code of text/sound track or separate title arm
090 ## - LOCALLY ASSIGNED LC-TYPE CALL NUMBER (OCLC); LOCAL CALL NUMBER (RLIN)
-- 190990
100 1# - MAIN ENTRY--PERSONAL NAME
Personal name Առաքելյան, Համբարձում Աստվածատուրի,
Dates associated with a name 1855-1918
9 (RLIN) 873
245 10 - TITLE STATEMENT
Title Ազգայնութիւն եւ նորա պրինցիպներ :
Remainder of title Հայուածք հայութեան իբրեւ կուլտուրական ազգի վրայ /
Statement of responsibility, etc. Հ.Ա. Առաքելեանց.
260 ## - PUBLICATION, DISTRIBUTION, ETC.
Place of publication, distribution, etc. Թիֆլիս :
Name of publisher, distributor, etc. տպ. Մովս. Վարդանեանցի եւ ընկ.,
Date of publication, distribution, etc. 1883.
300 ## - PHYSICAL DESCRIPTION
Extent 54 էջ ;
Dimensions 18 սմ.
650 14 - SUBJECT ADDED ENTRY--TOPICAL TERM
Topical term or geographic name entry element Ներքին քաղաքականություն
9 (RLIN) 4909
650 14 - SUBJECT ADDED ENTRY--TOPICAL TERM
Topical term or geographic name entry element Ազգային հարաբերություններ
9 (RLIN) 1507
Holdings
Withdrawn status Lost status Damaged status Not for loan Collection Home library Current library Date acquired Cost, normal purchase price Total checkouts Full call number Barcode Date last seen Price effective from Koha item type Public note
        General Fundamental Scientific Library Fundamental Scientific Library 28/12/2016 20.00   AI/13653 FL0052578 28/12/2016 28/12/2016 Գրքեր / Books 30 Days Loan
        General Fundamental Scientific Library Fundamental Scientific Library 28/12/2016     AI/3962 FL0039002 28/12/2016 28/12/2016 Գրքեր / Books 30 Days Loan


ՀՀ ԳԱԱ հիմնարար գիտական գրադարան
ՀՀ,Երևան 0019
Մարշալ Բաղրամյան 24/6
հեռախոս:(374-10) 52-47-50
Հետադարձ կապ

All site content, except where otherwise noted, is licensed under a
Creative Commons License